[Event "POHÁR města Říčany 2023"]
[Site "Městské kulturní středisko U labutě"]
[Date "2023.08.30"]
[Round "6.1"]
[White "Hejsek, Lukas"]
[Black "Horak, Martin"]
[Result "0-1"]
[WhiteFideId "393860"]
[BlackFideId "367095"]
[WhiteElo "2081"]
[BlackElo "2302"]
[PlyCount "0"]
[EventDate "2023.08.26"]

1. d4 {[%clk 01:30:30]} {[%emt 00:27:34]} Nf6 {[%clk 01:29:44]} {[%emt
00:01:58]} 2. Nf3 {[%clk 01:31:21]} {[%emt 00:00:08]} e6 {[%clk 01:29:15]}
{[%emt 00:00:59]} 3. c4 {[%clk 01:31:40]} {[%emt 00:00:10]} d5 {[%clk
01:29:26]} {[%emt 00:00:20]} 4. g3 {[%clk 01:32:03]} {[%emt 00:00:07]} dxc4
{[%clk 01:29:37]} {[%emt 00:00:19]} 5. Bg2 {[%clk 01:32:26]} {[%emt 00:00:07]}
Nc6 {[%clk 01:28:55]} {[%emt 00:01:12]} 6. Qa4 {[%clk 01:32:37]} {[%emt
00:00:19]} Bb4+ {[%clk 01:26:30]} {[%emt 00:02:56]} 7. Bd2 {[%clk 01:32:48]}
{[%emt 00:00:18]} Nd5 {[%clk 01:26:11]} {[%emt 00:00:49]} 8. Bxb4 {[%clk
01:17:45]} {[%emt 00:15:33]} Ndxb4 {[%clk 01:26:33]} {[%emt 00:00:08]} 9. a3
{[%clk 01:15:23]} {[%emt 00:02:53]} b5 {[%clk 01:23:54]} {[%emt 00:03:09]} 10.
Qxb5 {[%clk 00:50:08]} {[%emt 00:25:45]} Nc2+ {[%clk 01:20:39]} {[%emt
00:03:44]} 11. Kd2 {[%clk 00:50:28]} {[%emt 00:00:09]} Nxa1 {[%clk 01:10:20]}
{[%emt 00:10:50]} 12. Qxc6+ {[%clk 00:50:53]} {[%emt 00:00:05]} Bd7 {[%clk
01:10:46]} {[%emt 00:00:04]} 13. Qxc4 {[%clk 00:51:17]} {[%emt 00:00:06]} Rb8
{[%clk 01:11:00]} {[%emt 00:00:16]} 14. b4 {[%clk 00:51:41]} {[%emt 00:00:05]}
c5 {[%emt 00:28:01]} 15. Nc3 {[%emt 00:05:39]} cxd4 {[%clk 01:03:30]} {[%emt
00:00:29]} 16. Ne4 {[%clk 00:26:52]} {[%emt 00:00:09]} Bb5 {[%clk 00:59:38]}
{[%emt 00:04:22]} 17. Qa2 {[%clk 00:27:14]} {[%emt 00:00:08]} d3 {[%clk
00:59:11]} {[%emt 00:00:58]} 18. Rxa1 {[%clk 00:27:28]} {[%emt 00:00:16]} dxe2+
{[%clk 00:59:07]} {[%emt 00:00:33]} 19. Ke1 {[%clk 00:27:53]} {[%emt 00:00:04]}
O-O {[%clk 00:48:54]} {[%emt 00:10:44]} 20. Ng1 {[%clk 00:22:47]} {[%emt
00:05:35]} a5 {[%clk 00:44:02]} {[%emt 00:05:22]} 21. Nxe2 {[%clk 00:22:04]}
{[%emt 00:01:13]} axb4 {[%clk 00:43:58]} {[%emt 00:00:35]} 22. axb4 {[%clk
00:22:25]} {[%emt 00:00:08]} Bxe2 {[%clk 00:42:58]} {[%emt 00:01:30]} 23. Kxe2
{[%clk 00:21:44]} {[%emt 00:01:11]} Rxb4 {[%clk 00:43:03]} {[%emt 00:00:26]} 24.
Kf1 {[%clk 00:21:23]} {[%emt 00:00:50]} Qd4 {[%clk 00:39:04]} {[%emt 00:04:29]}
25. Qa3 {[%clk 00:15:51]} {[%emt 00:06:03]} Rfb8 {[%clk 00:36:57]} {[%emt
00:02:37]} 26. Rc1 {[%clk 00:10:42]} {[%emt 00:05:39]} Rb1 {[%clk 00:33:42]}
{[%emt 00:03:44]} 27. Kg1 {[%clk 00:11:05]} {[%emt 00:00:08]} Qc4 {[%clk
00:33:43]} {[%emt 00:00:30]} 0-1

[Event "POHÁR města Říčany 2023"]
[Site "Městské kulturní středisko U labutě"]
[Date "2023.08.30"]
[Round "6.2"]
[White "Neuman, Petr"]
[Black "Smolik, Jachym"]
[Result "1/2-1/2"]
[WhiteFideId "305243"]
[BlackFideId "23701641"]
[WhiteElo "2370"]
[BlackElo "2340"]
[PlyCount "0"]
[EventDate "2023.08.26"]

1. g3 {[%clk 01:30:54]} {[%emt 00:00:05]} d5 {[%clk 01:29:43]} {[%emt
00:01:17]} 2. Bg2 {[%clk 01:31:17]} {[%emt 00:00:07]} e5 {[%clk 01:28:20]}
{[%emt 00:01:54]} 3. d3 {[%clk 01:31:37]} {[%emt 00:00:10]} Nc6 {[%clk
01:28:13]} {[%emt 00:00:37]} 4. Nd2 {[%clk 01:31:39]} {[%emt 00:00:28]} Nf6
{[%clk 01:26:37]} {[%emt 00:02:05]} 5. a3 {[%clk 01:31:29]} {[%emt 00:00:40]}
a5 {[%clk 01:22:10]} {[%emt 00:04:57]} 6. b3 {[%clk 01:31:36]} {[%emt
00:00:23]} Bc5 {[%clk 01:22:09]} {[%emt 00:00:31]} 7. e3 {[%clk 01:31:58]}
{[%emt 00:00:09]} Bg4 {[%clk 01:20:53]} {[%emt 00:01:45]} 8. Ne2 {[%clk
01:32:18]} {[%emt 00:00:11]} Qd7 {[%clk 01:19:46]} {[%emt 00:01:37]} 9. h3
{[%clk 01:32:41]} {[%emt 00:00:07]} Be6 {[%clk 01:19:07]} {[%emt 00:01:08]} 10.
Bb2 {[%clk 01:32:52]} {[%emt 00:00:20]} O-O {[%clk 01:15:15]} {[%emt 00:04:21]}
11. Nf3 {[%clk 01:31:40]} {[%emt 00:01:42]} Bd6 {[%clk 01:06:41]} {[%emt
00:09:04]} 12. d4 {[%clk 01:29:04]} {[%emt 00:03:06]} e4 {[%clk 01:06:30]}
{[%emt 00:00:41]} 13. Ne5 {[%clk 01:29:15]} {[%emt 00:00:19]} Qe8 {[%clk
01:03:07]} {[%emt 00:03:53]} 14. Nf4 {[%clk 01:29:19]} {[%emt 00:00:26]} a4
{[%clk 01:01:24]} {[%emt 00:02:13]} 15. c4 {[%clk 01:26:43]} {[%emt 00:03:06]}
Bc8 {[%clk 00:49:18]} {[%emt 00:12:35]} 16. Ng4 {[%clk 01:21:34]} {[%emt
00:05:39]} Nxg4 {[%clk 00:47:28]} {[%emt 00:02:20]} 17. hxg4 {[%clk 01:21:04]}
{[%emt 00:01:00]} Bxf4 {[%clk 00:46:58]} {[%emt 00:01:00]} 18. gxf4 {[%clk
01:20:38]} {[%emt 00:00:56]} Na5 {[%clk 00:39:10]} {[%emt 00:08:18]} 19. cxd5
{[%clk 01:16:05]} {[%emt 00:05:03]} Nxb3 {[%clk 00:37:25]} {[%emt 00:02:16]} 20.
Rb1 {[%clk 01:16:06]} {[%emt 00:00:29]} f5 {[%clk 00:36:48]} {[%emt 00:01:06]}
21. g5 {[%clk 01:13:57]} {[%emt 00:02:39]} b6 {[%clk 00:30:30]} {[%emt
00:06:48]} 22. f3 {[%clk 00:53:49]} {[%emt 00:20:38]} exf3 {[%clk 00:27:19]}
{[%emt 00:03:42]} 23. Qxf3 {[%clk 00:54:12]} {[%emt 00:00:06]} Bb7 {[%clk
00:20:52]} {[%emt 00:06:57]} 24. Qh3 {[%clk 00:29:32]} {[%emt 00:25:09]} Qg6
{[%clk 00:21:17]} {[%emt 00:00:05]} 25. Bf3 {[%emt 00:00:21]} 1/2-1/2

[Event "POHÁR města Říčany 2023"]
[Site "Městské kulturní středisko U labutě"]
[Date "2023.08.30"]
[Round "6.3"]
[White "Popov, Roman"]
[Black "Vojta, Jakub"]
[Result "1/2-1/2"]
[WhiteFideId "23732580"]
[BlackFideId "382515"]
[WhiteElo "1925"]
[BlackElo "2288"]
[PlyCount "0"]
[EventDate "2023.08.26"]

1. d4 {[%clk 01:30:52]} {[%emt 00:00:07]} d5 {[%clk 01:30:42]} {[%emt
00:00:18]} 2. c4 {[%clk 01:31:09]} {[%emt 00:00:13]} Nc6 {[%clk 01:29:59]}
{[%emt 00:01:13]} 3. Nf3 {[%clk 01:30:24]} {[%emt 00:01:15]} Bg4 {[%clk
01:30:06]} {[%emt 00:00:22]} 4. cxd5 {[%clk 01:29:37]} {[%emt 00:01:18]} Bxf3
{[%clk 01:30:28]} {[%emt 00:00:07]} 5. gxf3 {[%clk 01:29:54]} {[%emt 00:00:14]}
Qxd5 {[%clk 01:30:53]} {[%emt 00:00:05]} 6. e3 {[%clk 01:30:05]} {[%emt
00:00:19]} e5 {[%clk 01:31:18]} {[%emt 00:00:04]} 7. Nc3 {[%clk 01:28:44]}
{[%emt 00:01:52]} Bb4 {[%clk 01:31:41]} {[%emt 00:00:06]} 8. Bd2 {[%clk
01:25:00]} {[%emt 00:04:14]} Bxc3 {[%clk 01:32:06]} {[%emt 00:00:05]} 9. bxc3
{[%clk 01:25:00]} {[%emt 00:00:31]} Qd6 {[%clk 01:32:00]} {[%emt 00:00:34]} 10.
Bd3 {[%clk 01:19:44]} {[%emt 00:05:47]} Nge7 {[%clk 01:29:21]} {[%emt
00:03:07]} 11. Rb1 {[%clk 01:14:35]} {[%emt 00:05:41]} b6 {[%clk 01:25:27]}
{[%emt 00:04:24]} 12. Qc2 {[%clk 01:12:19]} {[%emt 00:02:46]} O-O {[%clk
01:21:22]} {[%emt 00:04:34]} 13. Bxh7+ {[%clk 01:06:16]} {[%emt 00:06:33]} Kh8
{[%clk 01:21:20]} {[%emt 00:00:32]} 14. Bd3 {[%clk 01:05:43]} {[%emt 00:01:04]}
f5 {[%clk 01:18:12]} {[%emt 00:03:38]} 15. h4 {[%clk 01:00:43]} {[%emt
00:05:30]} Rae8 {[%clk 01:15:49]} {[%emt 00:02:52]} 16. Rg1 {[%clk 00:52:03]}
{[%emt 00:09:11]} Rf6 {[%clk 00:59:37]} {[%emt 00:16:41]} 17. Kd1 {[%clk
00:35:15]} {[%emt 00:17:19]} e4 {[%clk 00:50:37]} {[%emt 00:09:29]} 18. Be2
{[%clk 00:31:50]} {[%emt 00:03:55]} Qh2 {[%clk 00:50:29]} {[%emt 00:00:37]} 19.
Rf1 {[%clk 00:29:47]} {[%emt 00:02:34]} Qg2 {[%clk 00:45:44]} {[%emt 00:05:15]}
20. f4 {[%clk 00:27:27]} {[%emt 00:02:50]} Rh6 {[%clk 00:38:19]} {[%emt
00:07:55]} 1/2-1/2

[Event "POHÁR města Říčany 2023"]
[Site "Městské kulturní středisko U labutě"]
[Date "2023.08.30"]
[Round "6.4"]
[White "Svadlenka, Dominik"]
[Black "Seidl, Jan"]
[Result "0-1"]
[WhiteFideId "23716258"]
[BlackFideId "23714522"]
[WhiteElo "1515"]
[BlackElo "2163"]
[PlyCount "0"]
[EventDate "2023.08.26"]

1. d4 {[%clk 01:29:08]} {[%emt 00:01:51]} Nf6 {[%clk 01:30:48]} {[%emt
00:00:12]} 2. c4 {[%clk 01:29:18]} {[%emt 00:00:21]} e6 {[%clk 01:31:13]}
{[%emt 00:00:05]} 3. Nf3 {[%clk 01:29:28]} {[%emt 00:00:19]} d5 {[%clk
01:31:36]} {[%emt 00:00:07]} 4. Nc3 {[%clk 01:29:51]} {[%emt 00:00:09]} Nbd7
{[%clk 01:31:26]} {[%emt 00:00:40]} 5. Bg5 {[%clk 01:30:10]} {[%emt 00:00:09]}
c6 {[%clk 01:31:48]} {[%emt 00:00:08]} 6. cxd5 {[%clk 01:30:35]} {[%emt
00:00:06]} exd5 {[%clk 01:32:13]} {[%emt 00:00:05]} 7. e3 {[%clk 01:30:59]}
{[%emt 00:00:06]} Be7 {[%clk 01:32:32]} {[%emt 00:00:10]} 8. Bd3 {[%clk
01:31:16]} {[%emt 00:00:13]} O-O {[%clk 01:32:41]} {[%emt 00:00:21]} 9. O-O
{[%clk 01:31:40]} {[%emt 00:00:06]} Re8 {[%clk 01:32:54]} {[%emt 00:00:17]} 10.
Qc2 {[%clk 01:31:46]} {[%emt 00:00:24]} h6 {[%clk 01:29:42]} {[%emt 00:03:42]}
11. Bh4 {[%clk 01:32:04]} {[%emt 00:00:12]} Ne4 {[%clk 01:29:48]} {[%emt
00:00:24]} 12. Bxe7 {[%clk 01:32:05]} {[%emt 00:00:30]} Qxe7 {[%clk 01:30:10]}
{[%emt 00:00:07]} 13. Rab1 {[%clk 01:31:52]} {[%emt 00:00:43]} a5 {[%clk
01:28:41]} {[%emt 00:01:59]} 14. Rfe1 {[%clk 01:29:44]} {[%emt 00:02:38]} Ndf6
{[%clk 01:25:58]} {[%emt 00:03:12]} 15. Ne5 {[%clk 01:28:22]} {[%emt 00:01:52]}
Nd6 {[%clk 01:18:08]} {[%emt 00:08:21]} 16. a3 {[%clk 01:25:40]} {[%emt
00:03:13]} g6 {[%clk 00:49:39]} {[%emt 00:28:59]} 17. Na4 {[%clk 01:10:23]}
{[%emt 00:15:46]} Bf5 {[%clk 00:48:28]} {[%emt 00:01:42]} 18. Nb6 {[%clk
01:03:53]} {[%emt 00:06:59]} Ra7 {[%clk 00:41:12]} {[%emt 00:07:46]} 19. Qc5
{[%clk 00:38:58]} {[%emt 00:25:25]} Bxd3 {[%clk 00:33:55]} {[%emt 00:07:46]} 20.
Nxd3 {[%clk 00:39:20]} {[%emt 00:00:08]} Ra6 {[%clk 00:33:26]} {[%emt
00:01:00]} 21. Na4 {[%clk 00:18:29]} {[%emt 00:21:21]} b5 {[%clk 00:28:45]}
{[%emt 00:05:10]} 22. Nc3 {[%clk 00:17:32]} {[%emt 00:01:27]} Nd7 {[%clk
00:28:43]} {[%emt 00:00:32]} 23. Nxd5 {[%clk 00:17:51]} {[%emt 00:00:11]} cxd5
{[%clk 00:29:08]} {[%emt 00:00:06]} 24. Qxd5 {[%clk 00:18:04]} {[%emt
00:00:17]} Nb6 {[%clk 00:27:46]} {[%emt 00:01:52]} 25. Qf3 {[%clk 00:12:20]}
{[%emt 00:06:14]} Nbc4 {[%clk 00:27:35]} {[%emt 00:00:42]} 26. Qh3 {[%clk
00:11:09]} {[%emt 00:01:40]} Kg7 {[%clk 00:24:26]} {[%emt 00:03:40]} 27. Nc5
{[%clk 00:10:44]} {[%emt 00:00:55]} Rc6 {[%clk 00:24:07]} {[%emt 00:00:47]} 28.
Qf3 {[%clk 00:06:24]} {[%emt 00:04:50]} Ne4 {[%clk 00:21:42]} {[%emt 00:02:55]}
29. Nxe4 {[%clk 00:06:04]} {[%emt 00:00:51]} Qxe4 {[%clk 00:22:05]} {[%emt
00:00:07]} 30. Qxe4 {[%clk 00:06:25]} {[%emt 00:00:09]} Rxe4 {[%clk 00:22:33]}
{[%emt 00:00:02]} 31. Rec1 {[%clk 00:05:58]} {[%emt 00:00:57]} Rd6 {[%clk
00:21:49]} {[%emt 00:01:13]} 32. Rc2 {[%clk 00:05:40]} {[%emt 00:00:48]} a4
{[%clk 00:17:36]} {[%emt 00:04:44]} 33. Re1 {[%clk 00:02:22]} {[%emt 00:03:48]}
Rdxd4 {[%clk 00:14:44]} {[%emt 00:03:22]} 34. Rce2 {[%clk 00:01:49]} {[%emt
00:01:03]} Rd3 {[%clk 00:14:37]} {[%emt 00:00:37]} 35. g3 {[%clk 00:01:43]}
{[%emt 00:00:37]} Rb3 {[%clk 00:14:25]} {[%emt 00:00:42]} 36. Kg2 {[%clk
00:01:20]} {[%emt 00:00:52]} Re5 {[%clk 00:14:02]} {[%emt 00:00:53]} 37. e4
{[%clk 00:01:08]} {[%emt 00:00:43]} Rxb2 {[%clk 00:13:54]} {[%emt 00:00:37]} 38.
Rxb2 {[%clk 00:01:05]} {[%emt 00:00:34]} Nxb2 {[%clk 00:14:17]} {[%emt
00:00:07]} 0-1

[Event "POHÁR města Říčany 2023"]
[Site "Městské kulturní středisko U labutě"]
[Date "2023.08.30"]
[Round "6.5"]
[White "Soucek, Petr"]
[Black "Davidek, Zdenek"]
[Result "1-0"]
[WhiteFideId "23715170"]
[BlackFideId "23725001"]
[WhiteElo "2268"]
[BlackElo "2051"]
[PlyCount "0"]
[EventDate "2023.08.26"]

1. c4 {[%clk 01:30:39]} {[%emt 00:00:19]} e5 {[%clk 01:30:46]} {[%emt
00:00:14]} 2. Nc3 {[%clk 01:30:36]} {[%emt 00:00:34]} Nf6 {[%clk 01:31:10]}
{[%emt 00:00:06]} 3. Nf3 {[%clk 01:31:01]} {[%emt 00:00:04]} Nc6 {[%clk
01:31:35]} {[%emt 00:00:05]} 4. e3 {[%clk 01:31:27]} {[%emt 00:00:04]} Bb4
{[%clk 01:31:41]} {[%emt 00:00:25]} 5. Qc2 {[%clk 01:31:51]} {[%emt 00:00:05]}
O-O {[%clk 01:31:27]} {[%emt 00:00:44]} 6. Nd5 {[%clk 01:32:18]} {[%emt
00:00:03]} Bc5 {[%clk 01:31:02]} {[%emt 00:00:56]} 7. a3 {[%clk 01:31:28]}
{[%emt 00:01:19]} a5 {[%clk 01:31:03]} {[%emt 00:00:29]} 8. b3 {[%clk
01:28:15]} {[%emt 00:03:43]} d6 {[%clk 01:25:40]} {[%emt 00:05:53]} 9. Ng5
{[%clk 01:28:26]} {[%emt 00:00:19]} g6 {[%clk 01:23:10]} {[%emt 00:03:01]} 10.
Nxf6+ {[%clk 01:28:34]} {[%emt 00:00:22]} Qxf6 {[%clk 01:23:34]} {[%emt
00:00:06]} 11. Ne4 {[%clk 01:28:48]} {[%emt 00:00:16]} Qe7 {[%clk 01:23:25]}
{[%emt 00:00:39]} 12. Nxc5 {[%clk 01:29:09]} {[%emt 00:00:09]} dxc5 {[%clk
01:23:50]} {[%emt 00:00:05]} 13. Bb2 {[%clk 01:29:06]} {[%emt 00:00:34]} Bf5
{[%clk 01:21:17]} {[%emt 00:03:04]} 14. d3 {[%clk 01:28:20]} {[%emt 00:01:16]}
Rad8 {[%clk 01:09:20]} {[%emt 00:12:26]} 15. Be2 {[%clk 01:28:25]} {[%emt
00:00:24]} Rd6 {[%clk 01:02:14]} {[%emt 00:07:37]} 16. O-O-O {[%clk 01:23:51]}
{[%emt 00:05:04]} Qd7 {[%clk 00:57:58]} {[%emt 00:04:46]} 17. Rd2 {[%clk
01:20:37]} {[%emt 00:03:44]} Rd8 {[%clk 00:56:36]} {[%emt 00:01:52]} 18. Rhd1
{[%clk 01:19:37]} {[%emt 00:01:30]} f6 {[%clk 00:43:16]} {[%emt 00:13:50]} 19.
h3 {[%clk 01:18:20]} {[%emt 00:01:47]} g5 {[%clk 00:27:00]} {[%emt 00:16:46]}
20. Qc3 {[%clk 01:18:02]} {[%emt 00:00:48]} Bg6 {[%clk 00:26:23]} {[%emt
00:01:07]} 21. Bg4 {[%clk 01:15:49]} {[%emt 00:02:42]} Bf5 {[%clk 00:26:36]}
{[%emt 00:00:18]} 22. Bf3 {[%clk 01:15:28]} {[%emt 00:00:52]} b6 {[%clk
00:22:28]} {[%emt 00:04:39]} 23. Bd5+ {[%clk 01:09:10]} {[%emt 00:06:47]} Kg7
{[%clk 00:22:30]} {[%emt 00:00:27]} 24. g4 {[%clk 01:04:41]} {[%emt 00:04:58]}
Bg6 {[%clk 00:21:18]} {[%emt 00:01:43]} 25. Bxc6 {[%clk 00:59:13]} {[%emt
00:05:58]} Qxc6 {[%clk 00:21:30]} {[%emt 00:00:18]} 26. h4 {[%clk 00:57:29]}
{[%emt 00:02:14]} h6 {[%clk 00:19:41]} {[%emt 00:02:19]} 27. hxg5 {[%clk
00:53:18]} {[%emt 00:04:41]} hxg5 {[%clk 00:20:03]} {[%emt 00:00:07]} 28. f4
{[%clk 00:53:35]} {[%emt 00:00:13]} gxf4 {[%clk 00:15:20]} {[%emt 00:05:13]} 29.
exf4 {[%clk 00:54:00]} {[%emt 00:00:05]} exf4 {[%clk 00:12:40]} {[%emt
00:03:10]} 30. g5 {[%clk 00:54:26]} {[%emt 00:00:04]} Kf7 {[%clk 00:10:39]}
{[%emt 00:02:31]} 31. gxf6 {[%clk 00:54:11]} {[%emt 00:00:44]} Rd4 {[%clk
00:08:31]} {[%emt 00:02:39]} 32. Re2 {[%clk 00:50:13]} {[%emt 00:04:28]} Bh5
{[%clk 00:04:10]} {[%emt 00:04:51]} 33. Re7+ {[%clk 00:46:31]} {[%emt
00:04:11]} Kxf6 {[%clk 00:04:36]} {[%emt 00:00:05]} 34. Qe1 {[%clk 00:45:00]}
{[%emt 00:02:01]} 1-0

[Event "POHÁR města Říčany 2023"]
[Site "Městské kulturní středisko U labutě"]
[Date "2023.08.30"]
[Round "6.6"]
[White "Walek, Petr"]
[Black "Rajnys, Vladimir"]
[Result "0-1"]
[WhiteFideId "339393"]
[BlackFideId "308200"]
[WhiteElo "2219"]
[BlackElo "2025"]
[PlyCount "0"]
[EventDate "2023.08.26"]

1. e4 {[%clk 01:30:57]} {[%emt 00:00:05]} c5 {[%clk 01:30:54]} {[%emt
00:00:04]} 2. Nf3 {[%clk 01:31:23]} {[%emt 00:00:04]} d6 {[%clk 01:31:11]}
{[%emt 00:00:13]} 3. d4 {[%clk 01:31:48]} {[%emt 00:00:05]} cxd4 {[%clk
01:31:35]} {[%emt 00:00:06]} 4. Nxd4 {[%clk 01:32:14]} {[%emt 00:00:04]} Nf6
{[%clk 01:31:50]} {[%emt 00:00:14]} 5. Nc3 {[%clk 01:32:39]} {[%emt 00:00:05]}
a6 {[%clk 01:32:15]} {[%emt 00:00:06]} 6. Bg5 {[%clk 01:32:51]} {[%emt
00:00:17]} e6 {[%clk 01:31:48]} {[%emt 00:00:57]} 7. f4 {[%clk 01:33:15]}
{[%emt 00:00:07]} Be7 {[%clk 01:30:47]} {[%emt 00:01:30]} 8. Qf3 {[%clk
01:33:26]} {[%emt 00:00:19]} Qc7 {[%clk 01:29:02]} {[%emt 00:02:15]} 9. O-O-O
{[%clk 01:32:28]} {[%emt 00:01:29]} Nbd7 {[%clk 01:24:39]} {[%emt 00:04:52]} 10.
Bd3 {[%clk 01:30:29]} {[%emt 00:02:29]} Nc5 {[%clk 01:21:47]} {[%emt 00:03:22]}
11. Rhe1 {[%clk 01:21:44]} {[%emt 00:09:15]} b5 {[%clk 01:06:26]} {[%emt
00:15:51]} 12. e5 {[%clk 01:02:58]} {[%emt 00:19:16]} Bb7 {[%clk 01:04:51]}
{[%emt 00:02:05]} 13. Qg3 {[%clk 00:49:58]} {[%emt 00:13:30]} dxe5 {[%clk
00:57:03]} {[%emt 00:08:18]} 14. Bxb5+ {[%clk 00:38:07]} {[%emt 00:12:21]} axb5
{[%clk 00:50:05]} {[%emt 00:07:27]} 15. Ndxb5 {[%clk 00:38:31]} {[%emt
00:00:07]} Qb6 {[%clk 00:48:34]} {[%emt 00:02:01]} 16. Bxf6 {[%clk 00:36:19]}
{[%emt 00:02:43]} gxf6 {[%clk 00:46:09]} {[%emt 00:02:54]} 17. Qg7 {[%clk
00:36:42]} {[%emt 00:00:06]} Rf8 {[%clk 00:46:24]} {[%emt 00:00:15]} 18. fxe5
{[%clk 00:36:59]} {[%emt 00:00:13]} f5 {[%clk 00:41:50]} {[%emt 00:05:04]} 19.
Nd6+ {[%clk 00:32:43]} {[%emt 00:04:47]} Bxd6 {[%clk 00:40:01]} {[%emt
00:02:18]} 20. Rxd6 {[%clk 00:33:08]} {[%emt 00:00:05]} Bc6 {[%clk 00:27:01]}
{[%emt 00:13:31]} 21. a3 {[%clk 00:17:44]} {[%emt 00:15:54]} Nd7 {[%clk
00:21:58]} {[%emt 00:05:32]} 22. Qg5 {[%clk 00:13:49]} {[%emt 00:04:26]} Rb8
{[%clk 00:21:00]} {[%emt 00:01:27]} 23. b3 {[%clk 00:10:47]} {[%emt 00:03:32]}
Qc5 {[%clk 00:20:43]} {[%emt 00:00:47]} 24. Qd2 {[%clk 00:03:56]} {[%emt
00:07:21]} Qxa3+ {[%clk 00:20:30]} {[%emt 00:00:42]} 25. Kd1 {[%clk 00:04:17]}
{[%emt 00:00:10]} Qc5 {[%clk 00:19:32]} {[%emt 00:01:27]} 26. Re3 {[%clk
00:02:56]} {[%emt 00:01:52]} Rc8 {[%clk 00:17:57]} {[%emt 00:02:04]} 27. Ne2
{[%clk 00:02:37]} {[%emt 00:00:50]} Ra8 {[%clk 00:07:18]} {[%emt 00:11:09]} 28.
Nd4 {[%clk 00:01:40]} {[%emt 00:01:28]} Ra1+ {[%clk 00:07:17]} {[%emt
00:00:30]} 29. Ke2 {[%clk 00:02:09]} {[%emt 00:00:02]} Nxe5 {[%clk 00:07:07]}
{[%emt 00:00:40]} 30. Nxe6 {[%clk 00:00:36]} {[%emt 00:02:02]} Bb5+ {[%clk
00:06:01]} {[%emt 00:01:36]} 31. c4 {[%clk 00:00:41]} {[%emt 00:00:25]} Bxc4+
{[%clk 00:06:14]} {[%emt 00:00:16]} 32. bxc4 {[%clk 00:01:08]} {[%emt
00:00:03]} Qxc4+ {[%clk 00:06:35]} {[%emt 00:00:09]} 33. Red3 {[%clk 00:01:08]}
{[%emt 00:00:31]} fxe6 {[%clk 00:06:09]} {[%emt 00:00:55]} 34. Rd8+ {[%clk
00:00:52]} {[%emt 00:00:45]} Kf7 {[%clk 00:05:28]} {[%emt 00:01:11]} 35. Rxf8+
{[%clk 00:01:18]} {[%emt 00:00:05]} Kxf8 {[%clk 00:05:52]} {[%emt 00:00:06]} 36.
Qh6+ {[%clk 00:01:42]} {[%emt 00:00:06]} Kg8 {[%clk 00:04:35]} {[%emt
00:01:47]} 37. Qg5+ {[%clk 00:02:04]} {[%emt 00:00:09]} Kf7 {[%clk 00:04:41]}
{[%emt 00:00:23]} 38. Qh5+ {[%clk 00:02:24]} {[%emt 00:00:11]} Kg7 {[%clk
00:04:49]} {[%emt 00:00:22]} 39. Qg5+ {[%clk 00:02:43]} {[%emt 00:00:11]} Ng6
{[%clk 00:05:02]} {[%emt 00:00:17]} 40. Qd8 {[%clk 00:01:44]} {[%emt 00:01:29]}
Nf4+ {[%clk 00:04:37]} {[%emt 00:00:55]} 0-1